<?xml version="1.0" encoding="UTF-8"?>
<record
    xmlns:xsi="http://www.w3.org/2001/XMLSchema-instance"
    xsi:schemaLocation="http://www.loc.gov/MARC21/slim http://www.loc.gov/standards/marcxml/schema/MARC21slim.xsd"
    xmlns="http://www.loc.gov/MARC21/slim">

  <leader>01321nam a22002537a 4500</leader>
  <controlfield tag="005">20170123164201.0</controlfield>
  <datafield tag="010" ind1=" " ind2=" ">
    <subfield code="a">A-981094</subfield>
  </datafield>
  <datafield tag="020" ind1=" " ind2=" ">
    <subfield code="c">170.00</subfield>
    <subfield code="a">8186583130</subfield>
  </datafield>
  <datafield tag="035" ind1=" " ind2=" ">
    <subfield code="a">A-981094</subfield>
  </datafield>
  <datafield tag="037" ind1=" " ind2=" ">
    <subfield code="a">Cen Lib / Ret</subfield>
  </datafield>
  <datafield tag="040" ind1=" " ind2=" ">
    <subfield code="a">DPL</subfield>
    <subfield code="b">PN</subfield>
  </datafield>
  <datafield tag="082" ind1=" " ind2=" ">
    <subfield code="a">852.08</subfield>
    <subfield code="b">&#xA27;&#xA40;&#xA30;&#xA15;&#xA41;</subfield>
  </datafield>
  <datafield tag="100" ind1=" " ind2=" ">
    <subfield code="a">&#xA27;&#xA40;&#xA30;, &#xA15;&#xA41;&#xA32;&#xA26;&#xA40;&#xA2A; &#xA38;&#xA3F;&#xA70;&#xA18;  </subfield>
    <subfield code="9">53381</subfield>
  </datafield>
  <datafield tag="245" ind1=" " ind2=" ">
    <subfield code="a">&#xA2A;&#xA4D;&#xA30;&#xA24;&#xA3F;&#xA2D;&#xA3E; &#xA26;&#xA40;&#xA06;&#xA02; &#xA2A;&#xA48;&#xA5C;&#xA3E;&#xA02; &#xA38;&#xA41;&#xA30;&#xA1C;&#xA40;&#xA24; &#xA38;&#xA3F;&#xA70;&#xA18; &#xA38;&#xA47;&#xA20;&#xA40; &#xA26;&#xA40;&#xA06;&#xA02; &#xA28;&#xA3E;&#xA24;-&#xA1C;&#xA41;&#xA17;&#xA24;&#xA3E;&#xA02; /</subfield>
    <subfield code="c">&#xA15;&#xA41;&#xA32;&#xA26;&#xA40;&#xA2A; &#xA38;&#xA3F;&#xA70;&#xA18; &#xA27;&#xA40;&#xA30; </subfield>
  </datafield>
  <datafield tag="246" ind1=" " ind2=" ">
    <subfield code="a">Partibha dian pairan surjit singh sethi diyan naat jugatan /</subfield>
    <subfield code="b">by Kuldip SIngh Dheer </subfield>
  </datafield>
  <datafield tag="260" ind1=" " ind2=" ">
    <subfield code="a">&#xA26;&#xA3F;&#xA71;&#xA32;&#xA40;</subfield>
    <subfield code="b">&#xA35;&#xA48;&#xA71;&#xA32;&#xA35;&#xA3F;&#xA38;&#xA3C; &#xA2A;&#xA2C;&#xA32;&#xA3F;&#xA38;&#xA3C;&#xA30;&#xA1C;&#xA3C;  </subfield>
    <subfield code="c">1998</subfield>
  </datafield>
  <datafield tag="270" ind1=" " ind2=" ">
    <subfield code="a">&#xA2A;&#xA40; &#xA2A;&#xA40; 5 &#xA2E;&#xA4C;&#xA30;&#xA40;&#xA06; &#xA14;&#xA28;&#xA15;&#xA32;&#xA48;&#xA35; &#xA2A;&#xA40;&#xA24;&#xA2E; &#xA2A;&#xA42;&#xA30;&#xA3E; </subfield>
    <subfield code="b">&#xA26;&#xA3F;&#xA71;&#xA32;&#xA40;</subfield>
    <subfield code="e">110034</subfield>
  </datafield>
  <datafield tag="300" ind1=" " ind2=" ">
    <subfield code="a">176p.</subfield>
    <subfield code="b">22cm(Hb)</subfield>
  </datafield>
  <datafield tag="600" ind1=" " ind2=" ">
    <subfield code="a">&#xA38;&#xA47;&#xA20;&#xA40;, &#xA38;&#xA41;&#xA1C;&#xA3E;&#xA24;&#xA3E; &#xA38;&#xA3F;&#xA70;&#xA18;, - 1928-1995 - &#xA06;&#xA32;&#xA4B;&#xA1A;&#xA28;&#xA3E; &#xA05;&#xA24;&#xA47; &#xA35;&#xA3F;&#xA06;&#xA16;&#xA3F;&#xA06;.</subfield>
    <subfield code="9">133340</subfield>
  </datafield>
  <datafield tag="650" ind1=" " ind2=" ">
    <subfield code="a">Sethi, Sjujata  Singh , -- 1928-1995 -- Criticism and interpretation.</subfield>
    <subfield code="9">133341</subfield>
  </datafield>
  <datafield tag="650" ind1=" " ind2=" ">
    <subfield code="a">Sethi, Sjujata  Singh , -- 1928-1995</subfield>
    <subfield code="9">133342</subfield>
  </datafield>
  <datafield tag="650" ind1=" " ind2=" ">
    <subfield code="a">&#xA38;&#xA47;&#xA20;&#xA40;, &#xA38;&#xA41;&#xA1C;&#xA3E;&#xA24;&#xA3E; &#xA38;&#xA3F;&#xA70;&#xA18;, - 1928-1995</subfield>
    <subfield code="9">133343</subfield>
  </datafield>
  <datafield tag="942" ind1=" " ind2=" ">
    <subfield code="2">ddc</subfield>
    <subfield code="c">PN</subfield>
    <subfield code="h">852.08</subfield>
    <subfield code="m">&#xA27;&#xA40;&#xA30;&#xA15;&#xA41;</subfield>
  </datafield>
  <datafield tag="999" ind1=" " ind2=" ">
    <subfield code="c">111101</subfield>
    <subfield code="d">111101</subfield>
  </datafield>
  <datafield tag="952" ind1=" " ind2=" ">
    <subfield code="0">0</subfield>
    <subfield code="1">0</subfield>
    <subfield code="4">0</subfield>
    <subfield code="7">0</subfield>
    <subfield code="a">L</subfield>
    <subfield code="b">L</subfield>
    <subfield code="d">2016-02-12</subfield>
    <subfield code="e">Cen Lib/Ret</subfield>
    <subfield code="g">170.00</subfield>
    <subfield code="l">0</subfield>
    <subfield code="o">852.08 &#xA27;&#xA40;&#xA30;&#xA15;&#xA41;</subfield>
    <subfield code="p">A-981094</subfield>
    <subfield code="r">2016-02-12 00:00:00</subfield>
    <subfield code="t">1</subfield>
    <subfield code="w">2016-02-12</subfield>
    <subfield code="y">PN</subfield>
  </datafield>
</record>
